000 00733nam a22002417a 4500
003 UA-OsUOA
001 52519
007 ta
008 20150610b un ||||| |||| 00| 0 ukr d
100 _aЗапаско Я.П.
090 _a7.04
_bЗ-30
942 _cBK
040 _aUA-OsUOA
_bukr
_cUA-OsUOA
_dUA-OsUOA
245 _aОрнаментальне оформлення української рукописної книги
300 _a184 с.
955 _a1
041 _aukr
080 _a7.04
260 _aК.
_c1960
650 7 _a7.0 Загальні питання мистецтва
_2UDC
999 _c432636
_d432636